| 000 | 00716nam a2200229 a 4500 | ||
|---|---|---|---|
| 005 | 20240925064224.0 | ||
| 008 | 991125s1997 es 000 0 spa u | ||
| 020 | _a8474324319 | ||
| 035 | _aUPN01000041140 | ||
| 049 | _aCG | ||
| 050 | 4 |
_aRJ504.2 _bD6.68 1997 |
|
| 100 | 1 |
_aDolto, Francoise, _d1908-1988 |
|
| 245 | 1 | 3 |
_aEl niño del espejo : _bel trabajo psicoterapéutico / _cpor Francoise Dolto y Juan David Nasio ; tr. Graciela Klein. |
| 250 | _a3a ed. | ||
| 260 |
_aBarcelona, Esp. : _bGedisa, _c1997. |
||
| 300 | _a120 p. | ||
| 440 | 0 | _aPsicoteca mayor | |
| 650 | 4 |
_aNiño, Estudio del _9221 |
|
| 650 | 4 |
_aPsicoterapia infantil _915 |
|
| 700 | 1 |
_aNasio, Juan David, _d1942- _ecoaut. _929736 |
|
| 905 | _aLibro | ||
| 999 |
_c41140 _d41140 |
||